000 00204 a2200097 4500
001 21491
100 _aSalt, L E
245 _aEncyclopedia of Brittannica
260 _a
_bBenton
_c
090 _c15120
_d15120
942 _aNUST-CAE
_cM
_c5693
999 _c256564
_d256564